[Event "Chigorin mem"]
[Site "St. Petersburg"]
[Date "1998.11.08"]
[Round "8"]
[White "Lastin, Alexander"]
[Black "Reprintsev, Alexander"]
[Result "0-1"]
[WhiteElo "2550"]
[BlackElo "2440"]

1.Nf3 d5 2.c4 dxc4 3.e3 Nc6 4.Bxc4 e5 5.d4 exd4 6.O-O dxe3 7.Qb3 exf2+ 8.Kh1 Be6
9.Bxe6 fxe6 10.Qxb7 Nge7 11.Nc3 Rb8 12.Qa6 Qc8 13.Qa4 Rb4 14.Qc2 Nf5 15.a3 Rg4
16.Nd5 Qd7 17.Ne3 Nfd4 18.Nxd4 Nxd4 19.Qxf2 Rg6 20.Bd2 Rf6 21.Qh4 Be7 22.Qh5+ g6
23.Qh6 Rhf8 24.Rxf6 Bxf6 25.Bb4 Rf7 26.Rd1 Qb5 27.Qf4 Qe5 28.Qxe5 Bxe5 29.Bc5 Nb3
30.Bxa7 Bxb2 31.Rb1 Bd4 32.Bxd4 Nxd4 33.Nc4 Rf5 34.h3 Rc5 35.Nd2 Ne2 36.Rb4 Kd7
37.Ne4 Rc1+ 38.Kh2 h5 39.h4 c5 40.Rb6 Rc4  0-1

[Event "Chigorin mem"]
[Site "St. Petersburg"]
[Date "1998.11.09"]
[Round "9"]
[White "Nikolaev, Nikita"]
[Black "Afonin, Alexey"]
[Result "1/2-1/2"]
[WhiteElo "2325"]
[BlackElo "2235"]

1.Nf3 d5 2.c4 e6 3.g3 c5 4.Bg2 Nc6 5.O-O Nf6 6.d4 Be7 7.cxd5 exd5 8.Nc3 O-O
9.dxc5 Bxc5 10.Bg5 d4 11.Bxf6 Qxf6 12.Nd5 Qd8 13.Nd2 Re8 14.Rc1 Bb6 15.Nf4 Bg4
16.Bf3 Bxf3 17.Nxf3 Qe7 18.Rc2 Rad8 19.Nd3 Rd6 20.a3 Re6 21.Re1 Qd7 22.Qd2 Rh6
23.b4 a6 24.Rc4 Qf5 25.Qf4 Qd5 26.Qc1 Qf5 27.Qg5 Qe4 28.Rec1 Rg6 29.Qf4 Rge6
30.R4c2 Qd5 31.Kf1 h6 32.Re1  1/2-1/2

[Event "DEN-chT 9899"]
[Site "Denmark"]
[Date "1998.11.14"]
[Round "2"]
[White "Bang, Andreas"]
[Black "Pedersen, Daniel Vesterbaek"]
[Result "1/2-1/2"]
[WhiteElo "2305"]
[BlackElo "2260"]

1.Nf3 d5 2.c4 c6 3.d4 Nf6 4.Nc3 e6 5.Bg5 h6 6.Bxf6 Qxf6 7.a3 dxc4 8.Ne5 c5
9.Qa4+ Nd7 10.e3 cxd4 11.exd4 Qd8 12.Bxc4 Be7 13.O-O O-O 14.Ba2 Nxe5 15.dxe5 Bd7
16.Qg4 Bc6 17.Rae1 Qd2 18.Re3 Bg5 19.Rg3 Qf4 20.Qe2 Rad8 21.b4 Rd2 22.Qe1 b6
23.Bb1 Rfd8 24.Be4 Bxe4 25.Qxe4 Qxe4 26.Nxe4 Re2 27.Nxg5 hxg5 28.Rxg5 Rd3
29.h4 Rxa3 30.Rc1 g6 31.h5 Kg7 32.hxg6 fxg6 33.f4 Re4 34.Rc7+ Kh6 35.Rg4 Kh5
36.Rg5+ Kh6 37.Rg4 Kh5  1/2-1/2

[Event "AUT-chT2O 9899"]
[Site "AUT"]
[Date "1998.11.15"]
[Round "4"]
[White "Petzer, Reinhard"]
[Black "Angerer, Michael"]
[Result "1-0"]
[WhiteElo "2130"]
[BlackElo "2145"]

1.Nf3 d5 2.c4 c6 3.b3 e6 4.Bb2 Nd7 5.g3 f5 6.Bg2 Ndf6 7.d3 Bd6 8.Nbd2 Ne7
9.Ne5 O-O 10.O-O Bxe5 11.Bxe5 Ng6 12.Bb2 e5 13.cxd5 cxd5 14.Rc1 Bd7 15.b4 Bc6
16.Qb3 Qd7 17.Nf3 Rae8 18.Bh3 Kh8 19.Rc5 a6 20.Rfc1 d4 21.Bg2 f4 22.Rxc6 bxc6
23.Ng5 e4 24.Bh3 Qd5 25.Qxd5 Nxd5 26.Bxd4 exd3 27.exd3 Nxb4 28.Ne6 Rf7 29.Rc3 h6
30.a3 Nd5 31.Rxc6 Nge7 32.Rd6 Kh7 33.gxf4 Nxf4 34.Nxf4 Rxf4 35.Be5 Rff8 36.Rxa6 Ng6
37.Bg3 Re1+ 38.Bf1 Nf4 39.Ra4 g5 40.f3 Nxd3 41.Bxe1 Nxe1 42.f4 Rxf4 43.Rxf4 gxf4
44.Kf2 Nc2 45.Bd3+  1-0

[Event "Tanta op"]
[Site "Tanta"]
[Date "1998.11.21"]
[Round "5"]
[White "Jirovsky, Milos"]
[Black "Sarwat, Walaa"]
[Result "1-0"]
[WhiteElo "2435"]
[BlackElo "2315"]

1.Nf3 d5 2.c4 c6 3.Qb3 Nf6 4.d4 e6 5.Bf4 Bd6 6.Bg3 O-O 7.e3 c5 8.cxd5 cxd4
9.Nxd4 Bxg3 10.hxg3 e5 11.Nf3 e4 12.Nfd2 Re8 13.Nc3 Nbd7 14.Rd1 Nc5 15.Qa3 b6
16.Nb3 Bg4 17.Rd4 Rc8 18.Ba6 Nxa6 19.Qxa6 Qd7 20.Qa4 Qd8 21.Nxe4 Rxe4 22.Rxe4 b5
23.Qd4 Rc4 24.Rxg4 Rxd4 25.Rxd4 a5 26.O-O a4 27.Nc5 Qd6 28.Ne4 Nxe4 29.Rxe4 f5
30.Rd4 Kf8 31.a3 Qc5 32.d6 Ke8 33.d7+ Kd8 34.Rfd1 g6 35.Rd5 Qc2 36.R1d4  1-0

[Event "Tanta op"]
[Site "Tanta"]
[Date "1998.11.22"]
[Round "6"]
[White "Tisdall, Jonathan D"]
[Black "Arizmendi Martinez, Julen Luis"]
[Result "1/2-1/2"]
[WhiteElo "2475"]
[BlackElo "2440"]

1.Nf3 d5 2.c4 e6 3.g3 c5 4.Bg2 Nf6 5.O-O Be7 6.d4 O-O 7.cxd5 exd5 8.Nc3 Nc6
9.b3 Ne4 10.Bb2 Bf6 11.Nxe4 dxe4 12.Nd2 Bxd4 13.Bxd4 cxd4 14.Nxe4 Qe7 15.Rc1 Bg4
16.Re1 Rac8 17.Qd2 Rfd8 18.Nc5 b6 19.Nd3 Bd7 20.Rc4 Qd6 21.Qf4 Qxf4 22.gxf4 Ne7
23.Rxd4 Bb5 24.Re4 Nd5 25.a4 Bxd3 26.exd3 g6 27.f5 gxf5 28.Re5 Nf4 29.Rxf5 Nxg2
30.Kxg2 Rc5 31.Rf3 Rcd5 32.Re7 R8d7 33.Rfxf7 Rxe7 34.Rxe7 Rxd3 35.Re3 Rd4
36.Rc3 Rb4 37.Kg3 a5 38.f4 b5 39.axb5 Rxb5 40.Kg4 Rb4 41.Kg5 a4 42.Rc8+ Kg7
43.Rc7+ Kg8 44.bxa4 Rxa4 45.h4 Ra5+ 46.f5 Ra6 47.Re7 Rb6 48.Rd7 Ra6 49.h5 Rb6
50.Rd8+ Kf7 51.Rd7+ Kg8 52.Re7 Ra6 53.Re6 Ra7 54.Kf6 Rf7+ 55.Ke5 Ra7 56.Kf6 Rf7+
57.Kg5 Ra7 58.Rd6 Kg7 59.Rd8 h6+ 60.Kf4 Kf7 61.Rd6 Ra4+ 62.Ke5 Ra5+ 63.Rd5 Ra7
64.Rd6  1/2-1/2

[Event "Tanta op"]
[Site "Tanta"]
[Date "1998.11.23"]
[Round "7"]
[White "Jirovsky, Milos"]
[Black "Abou el Zein, Eid Mahmoud"]
[Result "1-0"]
[WhiteElo "2435"]
[BlackElo "2325"]

1.Nf3 d5 2.c4 c6 3.Qb3 e6 4.d4 Bd6 5.Nc3 f5 6.g3 Nf6 7.Bf4 Be7 8.Bg2 O-O
9.O-O h6 10.Rac1 Kh7 11.Rfd1 Nbd7 12.Ne5 g5 13.Nxd7 Qxd7 14.Be5 Ng4 15.cxd5 exd5
16.Nxd5 cxd5 17.Rc7 Qd8 18.Qxd5 Kg6 19.Qxd8 Rxd8 20.Rxe7 Nxe5 21.Rxe5 Kf6
22.e3 Be6 23.Rc1 Rd7 24.a3 Rad8 25.Kf1 g4 26.Rec5 h5 27.Rc7 b6 28.h4 Ke7
29.Ke1 Bb3 30.R1c6 Ba4 31.Rc3 Kd6 32.Rc8 a5 33.Kd2  1-0

[Event "AUT-chT2M 9899"]
[Site "Austria"]
[Date "1998.11.27"]
[Round "1"]
[White "Juergens, Klaus"]
[Black "Hanel, Reinhard"]
[Result "1/2-1/2"]
[WhiteElo "2235"]
[BlackElo "2360"]

1.Nf3 d5 2.c4 c6 3.g3 Nf6 4.Bg2 g6 5.cxd5 cxd5 6.d4 Bg7 7.Ne5 O-O 8.Nc3 Nbd7
9.O-O Nxe5 10.dxe5 Ng4 11.Nxd5 Nxe5 12.Bg5 Nc6 13.Rc1 h6 14.Rxc6 bxc6 15.Bxe7 Qd7
16.Bxf8 Kxf8 17.Nc3 Rb8 18.Bxc6 Qxd1 19.Rxd1 Be6 20.Rd2 Bxc3 21.bxc3 Rc8
22.Bd5 Bxd5 23.Rxd5 Rxc3 24.Ra5 Rc7 25.Ra6 h5 26.h4 Kg7 27.Kg2 Rb7 28.Kf3 Re7
29.e4 Rc7 30.Kf4 Re7 31.e5 Rb7 32.Ke4 Rd7 33.f4 Rb7 34.Kd5 Re7 35.Rd6 Rb7
36.Ra6 Rd7+ 37.Kc6 Re7 38.a4 Kf8 39.a5 Ke8 40.Kd5 Rb7 41.e6 Kf8 42.Kd6 Re7
43.Ke5 Kg7 44.f5 gxf5 45.Kxf5 Rb7 46.exf7 Kxf7 47.Rf6+ Kg7 48.Rg6+ Kh7 49.Rg5 Kh6
50.Ke6 Rb3 51.Kd6 Rc3 52.g4 hxg4 53.Rxg4 Ra3 54.Rg5 Ra4 55.Kc6 Rxh4 56.Rg8 Re4
57.Kb7 Re7+ 58.Ka6 Kh7 59.Rb8 Kg6 60.Rb7 Re1 61.Kxa7 Kf6 62.Rd7 Ke6 63.Rd8 Ke7
64.Rd2 Rb1 65.a6 Rb3 66.Ka8 Rb1 67.Rh2 Kd7 68.Rh7+ Kc8 69.Rb7 Ra1 70.a7 Rc1  1/2-1/2

[Event "AUT-chT2M 9899"]
[Site "Austria"]
[Date "1998.11.27"]
[Round "1"]
[White "Hager, Franz"]
[Black "Vlasak, Reinhard"]
[Result "1/2-1/2"]
[WhiteElo "2240"]
[BlackElo "2210"]

1.Nf3 d5 2.c4 e6 3.g3 c5 4.Bg2 Nc6 5.O-O Nf6 6.b3 Be7 7.Bb2 O-O 8.d3 Re8
9.Nbd2 Bf8 10.cxd5 exd5 11.Rc1 Bg4 12.h3 Bh5 13.g4 Bg6 14.Nh4 d4 15.Nxg6 hxg6
16.Ne4 Nxe4 17.dxe4 Qa5 18.a3 Qb6 19.Rb1 Rad8 20.Bc1 Be7 21.Qc2 Ne5 22.f4 d3
23.exd3 Nxd3 24.Be3 Qa6 25.Rfd1 Rd7 26.Bf1 Red8 27.Rd2 c4 28.Qxc4 Qxc4 29.bxc4 Bxa3
30.Rxd3 Rxd3 31.Bxd3 Rxd3 32.Bxa7 Rc3 33.c5 Bxc5+ 34.Bxc5 Rxc5 35.Rxb7 Rc4
36.Rb8+ Kh7 37.Re8 Rc3 38.Kg2 Rc2+ 39.Kg3 Rc3+ 40.Kg2 Rc2+ 41.Kg3 Rc3+ 42.Kh4 Rf3
43.f5 f6  1/2-1/2

[Event "AMEBS"]
[Site "La Plata"]
[Date "1998.11.29"]
[Round "8"]
[White "Garcia, Raimundo"]
[Black "Van Riemsdijk, Herman C"]
[Result "1-0"]
[WhiteElo "2360"]
[BlackElo "2405"]

1.Nf3 d5 2.c4 d4 3.g3 Nc6 4.Bg2 e5 5.O-O Nf6 6.d3 h6 7.b4 e4 8.dxe4 Bxb4
9.e5 Ng4 10.h3 Ngxe5 11.Nxe5 Nxe5 12.Qa4+ Nc6 13.Bxc6+ bxc6 14.Qxb4 Bxh3
15.Rd1 Qf6 16.Qc5 O-O-O 17.Bf4 Rhe8 18.Qxa7 Re7 19.Nc3 g5 20.Ne4  1-0

[Event "Sonnevanck 7th"]
[Site "Wijk aan Zee"]
[Date "1998.12.02"]
[Round "2"]
[White "Friedman, Aviv"]
[Black "Vink, Nico"]
[Result "0-1"]
[WhiteElo "2370"]
[BlackElo "2285"]

1.Nf3 d5 2.c4 c6 3.d4 Nf6 4.Nc3 Bf5 5.cxd5 cxd5 6.Qb3 Bc8 7.Bf4 a6 8.e3 Nc6
9.Bd3 e6 10.O-O Nh5 11.Bg5 f6 12.Bh4 g5 13.Bg3 Nxg3 14.hxg3 g4 15.Nh2 f5
16.Rac1 h5 17.Na4 h4 18.Rfe1 hxg3 19.fxg3 Bd6 20.Nf1 Rb8 21.Nb6 Nb4 22.Nxc8 Rxc8
23.Be2 Rh7 24.Rc3 Nc6 25.Rec1 Qa5 26.a3 Rhc7 27.Kf2 Ne7 28.Rxc7 Rxc7 29.Rxc7 Qxc7
30.e4 dxe4 31.Qxe6 Qb6 32.Qc4 Qxb2 33.Ne3 Qxa3 34.Nxf5 Nxf5 35.Qc8+ Ke7 36.Qxf5 Bxg3+
37.Kg1 Qe3+ 38.Kh1 Qh6+ 39.Kg1 Qh2+  0-1

[Event "ROM-ch (Women)"]
[Site "Sovata"]
[Date "1998.12.05"]
[Round "2"]
[White "Foisor, Cristina Adela B"]
[Black "Ciobanu, Camelia"]
[Result "1-0"]
[WhiteElo "2405"]
[BlackElo "2145"]

1.Nf3 d5 2.c4 e6 3.g3 Nf6 4.Bg2 c6 5.b3 Bd6 6.O-O O-O 7.Bb2 Nbd7 8.d4 b6
9.Nbd2 Ba6 10.Qc2 Rc8 11.e4 dxe4 12.Nxe4 Nxe4 13.Qxe4 Nf6 14.Qc2 c5 15.Rad1 cxd4
16.Bxd4 Qc7 17.Bxf6 gxf6 18.Rd4 f5 19.Qd2 Rcd8 20.Qh6 f6 21.Rh4 Bc5 22.g4 Qg7
23.Qxg7+ Kxg7 24.gxf5 exf5 25.Rf4 Kg6 26.Bh3 Bc8 27.Kh1 h6 28.Rg1+ Kh7 29.Bxf5+ Bxf5
30.Rxf5 Bxf2 31.Rg4 Bc5 32.Kg2 Rg8 33.Rxg8 Rxg8+ 34.Kh3 Kg7 35.Rd5 Re8 36.Kg4 a5
37.Rd7+ Re7 38.Rxe7+ Bxe7 39.Kf5 Kf7 40.Ne1 Bd6 41.h3 Be5 42.Nd3 Bd6 43.Nf2 h5
44.Nd1 Be5 45.Ne3 Bd4 46.Nd5 h4 47.a3 Kg7 48.b4 axb4 49.axb4 Kf7 50.Nf4 Bf2
51.Nd3 Bg3 52.b5 Ke7 53.Nb4 Kd6 54.Nd3 Ke7 55.Nc1 Kd6 56.Nb3 Be5 57.Ke4 Ke6
58.Nd2 f5+ 59.Kd3 Kd6 60.Nb3 Ke6 61.Ke3 Kd6 62.Nc1 Bg3 63.Nd3 Ke6 64.Nb4 Kd6
65.Nd5 Kc5 66.Kd3 f4 67.Nf6 Kd6 68.Ne4+ Ke5 69.Nc3 Bf2 70.Ne4 Bg3 71.Ng5 Kd6
72.Nf3 Kc5 73.Nd2 Kd6 74.Nb3 f3 75.Nd2 f2 76.Ne4+ Ke5 77.Nxg3 hxg3 78.Ke2 Kd4
79.h4 Kxc4 80.h5 Kxb5  1-0

[Event "Autumn Int"]
[Site "Tel Aviv"]
[Date "1998.12.08"]
[Round "1"]
[White "Royz, Michael"]
[Black "Postniy, Evgeny"]
[Result "1/2-1/2"]
[WhiteElo "2355"]
[BlackElo "2260"]

1.Nf3 d5 2.c4 c6 3.e3 Bf5 4.Qb3 Qc7 5.cxd5 cxd5 6.Bb5+ Bd7 7.Bxd7+ Nxd7 8.Nc3 e6
9.d3 a6 10.O-O Ne7 11.e4 dxe4 12.dxe4 Nc6 13.Bf4 Qb6 14.Qc2 Be7 15.Rad1 Rd8
16.Be3 Qa5 17.Qb3  1/2-1/2

[Event "Budapest FS12 IM-B"]
[Site "Budapest"]
[Date "1998.12.09"]
[Round "5"]
[White "Farago, Sandor"]
[Black "Kaposztas, Miklos"]
[Result "1/2-1/2"]
[WhiteElo "2335"]
[BlackElo "2245"]

1.Nf3 d5 2.c4 c6 3.d4 Nf6 4.cxd5 cxd5 5.Nc3 Nc6 6.Bf4 Bf5 7.e3 e6 8.Bd3 Bxd3
9.Qxd3 Bd6 10.Bxd6 Qxd6 11.O-O O-O 12.Rfc1 Rfc8 13.h3 a6 14.a3  1/2-1/2

[Event "Autumn Int"]
[Site "Tel Aviv"]
[Date "1998.12.09"]
[Round "3"]
[White "Godes, Dmitry R"]
[Black "Postniy, Evgeny"]
[Result "0-1"]
[WhiteElo "2355"]
[BlackElo "2260"]

1.Nf3 d5 2.c4 c6 3.e3 Bf5 4.b3 e6 5.Bb2 Nf6 6.Be2 Be7 7.O-O h6 8.cxd5 cxd5
9.b4 O-O 10.b5 Bh7 11.a4 Nbd7 12.a5 Qc7 13.a6 bxa6 14.Rxa6 Qb7 15.Bd4 Nc5
16.Rc6 Nfd7 17.Nc3 Nd3 18.Qa1 Nb4 19.Bxg7 Kxg7 20.Nxd5+ Nf6 21.Nxe7 Qxe7
22.Rc4 Nd5 23.Ne5 Bg6 24.Nc6 Qd7 25.Rfc1 Kh7 26.Bf3 Ng8 27.e4 Nde7 28.d4 Rfc8
29.d5 exd5 30.exd5 Qd6 31.Ra4 Nxc6 32.dxc6 Rab8 33.Rd1 Qf6 34.Qa3 Bc2 35.Rd6 Qe5
36.Qc1 Bxa4 37.Rd7 Bb3 38.h4 Be6 39.Rxa7 Rxb5 40.g3 Qf5  0-1

[Event "BL2-N9899"]
[Site "Germany"]
[Date "1998.12.13"]
[Round "3.2"]
[White "Muse, Mladen"]
[Black "Lipinsky, Fabian"]
[Result "1-0"]
[WhiteElo "2440"]
[BlackElo "2390"]

1.Nf3 d5 2.c4 e6 3.b3 Be7 4.Bb2 Bf6 5.Nc3 dxc4 6.bxc4 c5 7.g4 h6 8.h4 Nc6
9.Rg1 Ne5 10.Nxe5 Bxe5 11.Qb3 Kf8 12.Ne4 Bxb2 13.Qxb2 Qd4 14.Qxd4 cxd4 15.Nd6 Ke7
16.Nb5 e5 17.Rb1 Be6 18.d3 Nf6 19.f4 Rhc8 20.fxe5 Nd7 21.Nxd4 Rab8 22.g5 Nxe5
23.gxh6 gxh6 24.Nxe6 fxe6 25.Rg7+ Nf7 26.Rg6 Rc6 27.Bg2 Ra6 28.Rb2 b6 29.Bh3 e5
30.Be6 Rd8 31.Bd5 Ra5 32.e4 Rh8 33.Rf2 Nd8 34.Rf5 Rxa2 35.Rg7+  1-0

[Event "Skopje op"]
[Site "Skopje"]
[Date "1998.12.17"]
[Round "6"]
[White "Bogdanovski, Vlatko"]
[Black "Organdziev, Oliver"]
[Result "1-0"]
[WhiteElo "2515"]
[BlackElo "2310"]

1.Nf3 d5 2.c4 c6 3.e3 Nf6 4.d4 Bf5 5.Nc3 e6 6.Nh4 Bg6 7.Nxg6 hxg6 8.Qb3 Qb6
9.g3 Nbd7 10.Bg2 Qa6 11.Bf1 Qb6 12.Bd2 Be7 13.Be2 O-O 14.O-O dxc4 15.Bxc4 e5
16.Rad1 Rad8 17.Rfe1 Qc7 18.Qc2 Kh8 19.Bb3 Bd6 20.Ne4 Nxe4 21.Qxe4 Nf6 22.Qh4+ Kg8
23.Qg5 Kh8 24.Bc3 Nh7 25.Qg4 Nf6 26.Qh4+ Kg8 27.Qg5 exd4 28.Rxd4 Nd5 29.Rh4 Nxc3
30.Qxg6 Rfe8 31.Rh7 Be5 32.Qh5 Kf8 33.bxc3 Ke7 34.Qxf7+ Kd6 35.Rd1+ Kc5 36.Qc4+ Kb6
37.Qb4+ Ka6 38.Rh5 b6 39.Rxd8 Rxd8 40.Qc4+ Kb7 41.Kg2 Rd2 42.Rf5  1-0

[Event "Carlos Torre op 11th"]
[Site "Merida"]
[Date "1998.12.20"]
[Round "7"]
[White "Gonzalez, Juan Carlos"]
[Black "Juarez Flores, Carlos A"]
[Result "1/2-1/2"]
[WhiteElo "2490"]
[BlackElo "2425"]

1.Nf3 d5 2.c4 e6 3.g3 c5 4.Bg2 Nc6 5.O-O Be7 6.cxd5 exd5 7.d4 Nf6 8.Nc3 O-O
9.Bg5 cxd4 10.Nxd4 h6 11.Bf4 Qb6 12.Be3 Qxb2 13.Nxd5 Nxd5 14.Bxd5 Rd8 15.Rb1 Qc3
16.Rb3 Qa5 17.Rb5 Qa3 18.Qb1 a6 19.Rb3 Qd6 20.Nxc6 bxc6 21.Bg2 Bg4 22.Re1 Bf6
23.Bf4 Qe6 24.Re3 Qd7 25.Rd3 Qe6 26.Re3 Qd7 27.Qc1 Rac8 28.Rd3 Qe7 29.Rxd8+ Qxd8
30.h3 Be6 31.Rd1 Qa5 32.Rd6 Qxa2 33.Rxc6 Rxc6 34.Qxc6 Qxe2 35.Be3 Qc4 36.Qb6 Qb5
37.Qa7 a5 38.Kh2 Bd5 39.Bxd5 Qxd5 40.Bb6 Bc3 41.Qc7 Bb4 42.Qc8+ Kh7 43.Qc2+ f5
44.Be3 Qe4 45.Qa2 Bc3 46.h4 Be5 47.Qxa5 Qxh4+ 48.Kg1 Qe4 49.Qd2 Bf6 50.Kf1 Qf3
51.Kg1 h5 52.Bg5 Kg6 53.Bh4 Bc3 54.Qd6+ Kh7 55.Bg5 Qg4 56.Qf4 Kg6 57.Qd6+ Kh7
58.Qf4 Qxf4 59.Bxf4 Bf6 60.f3 g5 61.Bd2 Kg6 62.Kg2 g4 63.Bf4 Kf7 64.Bd2 Ke6
65.Bc1 Kd5 66.Be3 Kc4 67.fxg4 hxg4 68.Bf4 Kd3 69.Bd6 Bd4 70.Bf4  1/2-1/2

[Event "Trinec op"]
[Site "Trinec"]
[Date "1998.12.26"]
[Round "1"]
[White "Zabystrzan, Pavel"]
[Black "Gazda, P."]
[Result "1/2-1/2"]
[WhiteElo "2325"]
[BlackElo "2065"]

1.Nf3 d5 2.c4 e6 3.g3 Nf6 4.Bg2 Be7 5.O-O c5 6.cxd5 exd5 7.d4 O-O 8.Nc3 Nc6
9.Bg5 Be6 10.e3 b6 11.Ne5 Rc8 12.Nxc6 Rxc6 13.dxc5 Rxc5 14.Ne2 Ne4 15.Bxe7 Qxe7
16.Nd4 Rfc8 17.Qd3 Nf6 18.Rad1 Qd7 19.Rd2 Bh3 20.Rfd1 Bxg2 21.Kxg2 Qc7 22.Nb3 Rc4
23.Qf5 h6 24.Rd4 Qe7 25.Rxc4 Rxc4 26.Rd4 Qe6 27.Qd3 Rxd4 28.Nxd4 Qe4+ 29.Qxe4 dxe4
30.h3 Nd5 31.a3 g6 32.g4 Kf8 33.Nb5 a6 34.Nd6 Nf6 35.Kg3 g5 36.Nf5 Ng8 37.Kg2 b5
38.Kf1 Nf6 39.Nxh6 Ke7 40.Ke2 Ke6 41.Nf5 Nd7 42.b3 Ne5 43.Ng7+ Kd7 44.Nh5 Ke6
45.Ng3 Kd5 46.Nf1 Nd3 47.Nd2 Nc1+ 48.Ke1 f6 49.f3 exf3 50.Kf2 Nd3+ 51.Kxf3 Ne1+
52.Ke2 Nc2 53.Kd3 Nxa3 54.Ne4 Ke5 55.Nc5 a5 56.Nb7 a4 57.bxa4 bxa4 58.Nc5 Nb5
59.Nxa4 Nd6 60.Nc5 Kd5 61.Nb3 Ne4 62.Ke2 Ke5 63.Nd4 Nd6 64.Kf3 Nc4 65.Nc6+ Kd6
66.Nb4 Kc5 67.Nd3+ Kd5 68.Nf2 Ke5 69.Ke2 Nd6 70.Kd3 f5 71.gxf5 Kxf5 72.Kd4 Nb5+
73.Kd5 Nc3+ 74.Kd6 Ne2  1/2-1/2

[Event "Lohmar 9899"]
[Site "Lohmar"]
[Date "1998.12.28"]
[Round "3"]
[White "Grimm, Sascha"]
[Black "Fleischer, Uwe"]
[Result "1-0"]
[WhiteElo "2295"]
[BlackElo "2115"]

1.Nf3 d5 2.c4 e6 3.b3 Nf6 4.g3 Be7 5.Bb2 dxc4 6.bxc4 O-O 7.Bg2 c5 8.O-O Bd7
9.Ne5 Qc7 10.Nxd7 Qxd7 11.d3 Nc6 12.Nd2 Rac8 13.Rb1 Rfd8 14.Nf3 Qc7 15.Qa4 Nd7
16.Nd2 b6 17.Ne4 Ndb8 18.Rfd1 Rd7 19.Bc3 f5 20.Nd2 Nd4 21.Bxd4 Rxd4 22.Qb5 Rd7
23.a4 Nc6 24.Bxc6 Qxc6 25.a5 Qxb5 26.Rxb5 Bd8 27.axb6 axb6 28.Ra1 Kf7 29.f4 h6
30.Nf3 Bc7 31.Ra6 Kf6 32.h4 Re7 33.Kf2 Rd8 34.h5 Rb8 35.Nh4 Ree8 36.Ra7 Rec8
37.Ng6 Ra8 38.Rb7 Rab8 39.Rxb8 Rxb8 40.Rb3 Ra8 41.e4 Ra2+ 42.Kf3 Ra1 43.e5+ Kf7
44.Ke3 Ra4 45.Kd2 Ke8 46.Kc3 Ra5 47.Kb2 Kd7 48.Ra3  1-0

[Event "AUT-chT2O 9798"]
[Site "Austria"]
[Date "1998.??.18"]
[Round "9"]
[White "Jurek, Josef"]
[Black "Pingitzer, Harald"]
[Result "1/2-1/2"]
[WhiteElo "2415"]
[BlackElo "2345"]

1.Nf3 d5 2.c4 c6 3.d4 e6 4.Qc2 Nf6 5.g3 Nbd7 6.Bg2 Bb4+ 7.Nbd2 O-O 8.O-O Re8
9.e4 Bxd2 10.Nxd2 Nxe4 11.Nxe4 dxe4 12.Qxe4 e5 13.Be3 Nf6 14.Qh4 Ng4  1/2-1/2

[Event "Aarhus Masters op"]
[Site "Aarhus"]
[Date "1998.??.??"]
[Round "7"]
[White "Holst, Allan"]
[Black "Jensen, Vagn"]
[Result "1-0"]
[WhiteElo "2365"]
[BlackElo "2240"]

1.Nf3 d5 2.c4 e6 3.d4 c6 4.Qc2 Nf6 5.g3 Bd6 6.Nbd2 Nbd7 7.Bg2 O-O 8.O-O e5
9.dxe5 Nxe5 10.Nxe5 Bxe5 11.Nf3 Bd6 12.Rd1 Qe7 13.cxd5 Nxd5 14.a3 Bg4 15.e4 Nb6
16.Re1 Bxf3 17.Bxf3 Be5 18.Rb1 Rad8 19.Be3 Bd4 20.Rbd1 Bxe3 21.Rxe3 Rxd1+
22.Bxd1 Rd8 23.Rd3 Rxd3 24.Qxd3 Qd7 25.Qxd7 Nxd7 26.f4 Kf8 27.Kf2 Ke7 28.Ke3 f6
29.Kd4 Kd6 30.Bg4 Nb6 31.b4 Nd7 32.h4 b6 33.Be2 c5+ 34.bxc5+ bxc5+ 35.Kc4 a6
36.Kb3 Nb8 37.Bc4 h6 38.Ka4 Kc7 39.Ka5 Kb7 40.Bd5+ Nc6+ 41.Ka4 Kb6 42.Bxc6 Kxc6
43.h5 Kb6 44.Kb3 Kb5 45.a4+  1-0

[Event "Paulisto-ch"]
[Site "Americana"]
[Date "1998.??.??"]
[Round "3"]
[White "Matsuura, Everaldo"]
[Black "Marre, Erwan"]
[Result "1-0"]
[WhiteElo "2405"]
[BlackElo "2010"]

1.Nf3 d5 2.c4 dxc4 3.e3 Nf6 4.Bxc4 g6 5.Ne5 e6 6.O-O Bg7 7.f4 O-O 8.b3 c5
9.Bb2 b6 10.Qf3 Nd5 11.Nc3 Bb7 12.Qg3 Nd7 13.Ne4 N5f6 14.Nxf6+ Nxf6 15.Rad1 Qc7
16.Qh4 Qe7 17.Ba1 Nd5 18.Qg3 Rad8 19.Bxd5 exd5 20.f5 f6 21.Nf3 Qf7 22.fxg6 Qxg6
23.Qc7 Qf7 24.Qf4 Ba6 25.d3 Qg6 26.Nh4 Qg5 27.Nf5 Qxf4 28.Rxf4 Bc8 29.Ne7+ Kf7
30.Nxc8 Rxc8 31.Rdf1 Ke6 32.Rh4 Rh8 33.Kf2 Rc7 34.Ke2 f5 35.Bxg7 Rxg7 36.g3 h5
37.Rhf4 Rf7 38.e4 dxe4 39.dxe4 Rhf8 40.h3 fxe4 41.Rxf7 Rxf7 42.Rxf7 Kxf7
43.Ke3 Kf6 44.Kxe4 Kg5 45.a4 a6 46.Kd5  1-0

[Event "BEL-chT 9798"]
[Site "Antwerp"]
[Date "1998.??.??"]
[Round "8"]
[White "Spiridonov, Nikola"]
[Black "Groffen, Hans"]
[Result "1-0"]
[WhiteElo "2395"]
[BlackElo "2220"]

1.Nf3 d5 2.c4 c6 3.b3 Nf6 4.d3 Bg4 5.Nbd2 e6 6.Bb2 Nbd7 7.h3 Bh5 8.g3 Be7
9.Bg2 O-O 10.O-O a5 11.a3 Qb6 12.Qc2 Bg6 13.Ra2 Rfd8 14.Bd4 Bc5 15.Bxc5 Qxc5
16.Rb1 Qe7 17.b4 axb4 18.axb4 e5 19.Rxa8 Rxa8 20.Nh4 dxc4 21.Nxg6 hxg6 22.Nxc4 Nd5
23.b5 Qc5 24.bxc6 bxc6 25.Qd2 f6 26.h4 Nf8 27.Rc1 Qe7 28.Ne3 Nb4 29.Bxc6 Nxc6
30.Rxc6 Ne6 31.Nc2 Nd4 32.Nxd4 exd4 33.Qb2 Qe5 34.Qb3+ Kh7 35.Qe6 Ra1+ 36.Kg2 Ra5
37.f4 Qf5 38.Kf3 Ra8 39.Qxf5 gxf5 40.Rd6 Ra4 41.h5 Kh6 42.Rd7 Rb4 43.Rd5 g6
44.hxg6 Kxg6 45.g4 fxg4+ 46.Kxg4 Rb2 47.f5+ Kh6 48.Rd6 Kg7 49.Kh5  1-0

[Event "BEL-chT 9798"]
[Site "Antwerp"]
[Date "1998.??.??"]
[Round "10"]
[White "Vanderwaeren, Serge"]
[Black "De Wolf, Johan"]
[Result "1-0"]
[WhiteElo "2320"]
[BlackElo "2185"]

1.Nf3 d5 2.c4 e6 3.g3 Nf6 4.Bg2 Be7 5.O-O O-O 6.b3 b6 7.Bb2 Bb7 8.e3 c5 9.Qe2 dxc4
10.bxc4 Nc6 11.Nc3 Rc8 12.d3 Qc7 13.Ne1 Nb4 14.f3 Rcd8 15.Rf2 Rd7 16.f4 Bxg2
17.Rxg2 Rfd8 18.Rd1 Ne8 19.a3 Nc6 20.g4 Na5 21.g5 Nd6 22.Nf3 Nc6 23.h4 a6
24.a4 Nf5 25.h5 Qb7 26.Ba1 Nb4 27.Ne5 Rd6 28.h6 g6 29.Kh2 Kf8 30.Kh3 f6 31.gxf6 Bxf6
32.Ng4 Bxc3 33.Bxc3 Rxd3 34.Rxd3 Nxd3 35.Kh2 Qe4 36.Nf6 Qxe3 37.Nxh7+ Kf7
38.Ng5+ Ke7 39.Qxe3 Nxe3 40.Nxe6 Kxe6 41.Re2 Nxf4 42.Rxe3+  1-0

[Event "AUT-chT2W 9798"]
[Site "Austria"]
[Date "1998.??.??"]
[Round "10"]
[White "Novkovic, Milan"]
[Black "Bachmayr, Peter"]
[Result "1-0"]
[WhiteElo "2400"]
[BlackElo "2360"]

1.Nf3 d5 2.c4 c6 3.e3 e6 4.b3 Nf6 5.Bb2 Nbd7 6.Be2 Be7 7.O-O O-O 8.d3 Re8
9.Nbd2 Bf8 10.cxd5 exd5 11.a3 a5 12.Bc3 a4 13.b4 Bd6 14.Re1 Nf8 15.Qc2 Bg4
16.Qb2 N8d7 17.Nf1 Qe7 18.Nd4 Bxe2 19.Nf5 Qe6 20.Nxd6 Qxd6 21.Rxe2 Re6 22.Ng3 g6
23.e4 Rae8 24.f3 Ne5 25.Rd2 dxe4 26.dxe4 Qe7 27.Bxe5 Rxe5 28.Qc2 Ra8 29.Rad1 h5
30.Nf1 Re6 31.Ne3 Qc7 32.Nc4 b5 33.Nb2 Qb6+ 34.Kh1 h4 35.Nd3 Qe3 36.Re2 Qg5
37.Nc5 Ree8 38.Red2 Nh5 39.Qc3 Rac8 40.Nd7 Re6 41.Rd4 Kh7 42.Qd2 Qxd2 43.R4xd2 Kg7
44.Nc5 Re7 45.Kg1 Nf4 46.Kf2 Ne6 47.Rc1 Nxc5 48.Rxc5 Re6 49.Ke3 Kf6 50.Rdc2 Rd8
51.Rxc6 Rd1 52.R6c5 Re5 53.Kf4 Rxc5 54.bxc5 Ke7 55.c6 Kd8 56.Kg5 Ra1 57.Rb2 Kc7
58.Rxb5 Kxc6 59.Rb8 Kd7 60.Kxh4 Rxa3 61.Ra8 Ra2 62.Kg3 Ke7 63.h4 a3 64.Ra5 Ra1
65.h5 gxh5 66.Rxh5 a2 67.Ra5 Kf6 68.Kf4  1-0

[Event "AUT-chT2W 9798"]
[Site "Austria"]
[Date "1998.??.??"]
[Round "11"]
[White "Stangl, Markus"]
[Black "Novkovic, Milan"]
[Result "1-0"]
[WhiteElo "2530"]
[BlackElo "2400"]

1.Nf3 d5 2.c4 e6 3.g3 c6 4.Qc2 Nf6 5.Bg2 Be7 6.O-O O-O 7.d4 b6 8.Rd1 Bb7
9.b3 Nbd7 10.Nc3 Rc8 11.e4 Bb4 12.e5 Ne8 13.Ng5 g6 14.Ne2 Be7 15.h4 Ng7 16.Nf4 Re8
17.Rb1 Nf8 18.Qe2 Rc7 19.b4 h6 20.Nf3 dxc4 21.Qxc4 Nf5 22.Nh2 Qc8 23.Ng4 Rd8
24.Ne3 Nxe3 25.Bxe3 Qd7 26.Rd2 Rdc8 27.Rc1 Qe8 28.Rdc2 Bd8 29.Qe2 Nd7 30.Be4 c5
31.Bxb7 Rxb7 32.Nd3 c4 33.Rxc4 Rxc4 34.Rxc4 b5 35.Rc1 h5 36.Qf3 Rb8 37.d5 exd5
38.Bxa7 Ra8 39.Bd4 Bb6 40.Qxd5 Rd8 41.Bxb6 Nxb6 42.Qc6 Qxc6 43.Rxc6 Nc4 44.e6 fxe6
45.Nc5 Rd2 46.Nxe6 Ne5 47.Rc8+ Kf7 48.Ng5+ Ke7 49.Rc7+ Ke8 50.a3 Ra2 51.Ra7 Nd3
52.Ne4 Re2 53.Nd6+ Kd8  1-0

[Event "AUT-chT 9899"]
[Site "AUT"]
[Date "1998.??.??"]
[Round "?"]
[White "Blatny, Pavel"]
[Black "Lukacs, Peter"]
[Result "1-0"]
[WhiteElo "2560"]
[BlackElo "2515"]

1.Nf3 d5 2.c4 c6 3.e3 Nf6 4.b3 Bg4 5.Bb2 e6 6.h3 Bxf3 7.Qxf3 Bd6 8.cxd5 cxd5
9.Nc3 Nc6 10.Nb5 Be7 11.g4 O-O 12.Nd4 Ne4 13.Nxc6 bxc6 14.Bd3 f5 15.gxf5 Rxf5
16.Qg2 Rg5 17.Qf1 Bf6 18.Bxf6 Nxf6 19.f4 Rh5 20.Qg2 Qe7 21.Rc1 c5 22.O-O Kh8
23.Rf3 e5 24.fxe5 Rxe5 25.Kh1 Re8 26.Rcf1 Qd6 27.Qg3 Qd7 28.Rg1 Qe7 29.Qg2 Rf8
30.Rf4 Ne4 31.Rxf8+ Qxf8 32.Bxe4 Rxe4 33.Rf1 Qe7 34.Qg5 h6 35.Qxd5 Re6 36.Qa8+ Kh7
37.Rf8 Rf6 38.Rh8+ Kg6 39.Qg2+ Kf7 40.Rb8 Rb6 41.Qd5+ Kg6 42.Rd8 Kh7 43.Qa8 Rb7
44.Rh8+ Kg6 45.Re8 Qf7 46.Rf8 Qd5+ 47.Kg1 c4 48.Qe8+ Kg5 49.Rf4 h5 50.h4+ Kh6
51.Rf8  1-0

[Event "Bad Zwesten op"]
[Site "Bad Zwesten"]
[Date "1998.??.??"]
[Round "4"]
[White "Hoffmann, Ulrich"]
[Black "Dergatschova Daus, Anna"]
[Result "1-0"]
[WhiteElo "2035"]
[BlackElo "2250"]

1.Nf3 d5 2.c4 e6 3.g3 Nf6 4.Bg2 c6 5.O-O Bd6 6.d4 O-O 7.Nbd2 Nbd7 8.Qc2 Qe7
9.e4 dxe4 10.Nxe4 Nxe4 11.Qxe4 Nf6 12.Qe2 c5 13.dxc5 Bxc5 14.Ne5 Qc7 15.Bf4 Qb6
16.Rad1 a5 17.Rd3 a4 18.Rfd1 h6 19.g4 Ra5 20.g5 hxg5 21.Bxg5 Bxf2+ 22.Kh1 Nd7
23.Nxd7 Bxd7 24.Be7 Bc6 25.Bxf8 Bxg2+ 26.Kxg2 Rg5+ 27.Kh1 Kxf8 28.Qf3 Kg8
29.Rd8+ Kh7 30.R8d7 Qxb2 31.Rxf7 Bc5 32.Qh3+ Kg8 33.Rff1 Qb6 34.Qf3 Rf5 35.Qg2 Bf2
36.Rd7 Bd4 37.Rxf5 exf5 38.Rxb7 Qf6 39.Qd5+ Kh7 40.Rf7 Qh4 41.Qxf5+ Kh6 42.Qf4+  1-0